000 00566cam a2200193 4500
008 090401t1974 xxu||||| |||| 00| 0 eng d
020 _a0117005398
035 _a(Sirsi) u13482
041 _aeng
050 _a690
110 _aEconomic Development Committee for Building
_950
245 _aBefore you build: what a client needs to know about the construction industry
260 _aLondon
_bHMSO
_c1974
300 _a45p. ill. 30cm.
350 _a1
520 _aPublished for the National Economic Development Office.
942 _n0
948 _c04/03/1997
999 _c87102
_d87102